00660nam a2200229 a 4500001001300000003000900013005001700022008004100039020001000080082001700090100002700107245001900134260003100153300000900184500003500193650002800228700002700256902000800283942000700291952011700298999001500415nice12345678IN_TiNIC20260116011415.0070713s0000 teha grp 000 0 ara  ac10000a297.211bJAF aJaffar, Muhammad Sadiq aKitabur Tawhid aTehranbNo Publisherc0000 a519p aincludes index and biblioraphy aIslam-Doctrines-Tawheed1 aJaffar, Muhammad Sadiq bSRS cBK 001040708StackRoom-aHMIbHMId2007-07-13g100.00l0o297.211 JAFp04788r2007-07-13v100.00w2007-07-13yBK c1257d1257